000 00302nam a2200109Ia 4500
008 200302s9999 xx 000 0 und d
100 _aJohn M Kean
245 _aLeicester University Engineering Building James Stirling and James Gowan
260 _bPhaidon Press Lid.
260 _c1994
300 _a60 P.,
999 _c5186
_d5186